[Event "FRA-chT4 0001"]
[Site "Champagne Ardenne"]
[Date "2001.04.01"]
[Round "7"]
[White "Bultel, Bruno"]
[Black "Lorenzi, Claude"]
[Result "1-0"]
[WhiteElo "1870"]
[BlackElo "1520"]
[PlyCount "89"]
[EventDate "2001.10.??"]
[EventType "team"]
[EventRounds "7"]
[EventCountry "FRA"]
[SourceTitle "EXT 2005"]
[Source "ChessBase"]
[SourceDate "2004.11.15"]
[SourceVersion "1"]
[SourceVersionDate "2004.11.15"]
[SourceQuality "1"]

1. e4 e5 2. d3 c6 3. f4 d6 4. Nf3 Bg4 5. h3 Bxf3 6. Qxf3 Nd7 7. Be3 Ne7 8. f5 f6 9. Nd2 Qa5 10. Qh5+ g6 11. fxg6 Nxg6 12. Be2 0-0-0 13. Bg4 Be7 14. 0-0 Kb8 15. c3 Qb5 16. Nc4 d5 17. a4 Qa6 18. exd5 cxd5 19. Bxd7 Rxd7 20. Qf5 Rc7 21. Na3 Bxa3 22. Rxa3 Rf8 23. g3 Qc6 24. Qf2 b6 25. b4 Qb7 26. a5 b5 27. Bc5 Rff7 28. Bd6 a6 29. Qb6 Kc8 30. Bxc7 Qxb6+ 31. Bxb6 f5 32. Ra2 f4 33. Raf2 h5 34. d4 Rg7 35. gxf4 Nxf4+ 36. Kh2 Nd3 37. Rf8+ Kd7 38. R8f7+ Rxf7 39. Rxf7+ Ke6 40. Rh7 e4 41. Kg3 Kf6 42. Rxh5 Kg6 43. Rxd5 e3 44. Re5 Nxe5 45. dxe5 1-0